[Event "TCh-UKR Clubs 2011"]
[Site "Alushta UKR"]
[Date "2011.05.19"]
[Round "7.3"]
[White "Derevianchenko,I"]
[Black "Pastukhov,I"]
[Result "1/2-1/2"]
[WhiteElo "2232"]
[BlackElo "2265"]

1.e4 e5 2.Nf3 Nc6 3.Bb5 a6 4.Ba4 Nf6 5.O-O Be7 6.Re1 b5 7.Bb3 d6 8.c3 O-O
9.h3 Nb8 10.d4 Nbd7 11.Nbd2 Bb7 12.Bc2 Re8 13.Nf1 Bf8 14.Ng3 g6 15.Nh2 d5
16.dxe5 Nxe4 17.Nxe4 dxe4 18.Bxe4 Bxe4 19.Rxe4 Nxe5 20.Qxd8 Raxd8 21.Bg5 Nd3
22.Bxd8 Rxe4 23.Ng4 Re2 24.a4 f5 25.Nf6+ Kf7 26.axb5 axb5 27.Nxh7 Bd6 28.Ng5+ Kg7
29.b4 Re8 30.g3 f4 31.Rd1 Nb2 32.Rd5 fxg3 33.fxg3 Re3 34.Kf2 Rxc3 35.Ne4 Rd3
36.Bf6+ Kf7 37.Rxb5 Nc4 38.Bh4 Ne5 39.Rb7 Ke6 40.Nc5+ Bxc5+ 41.bxc5 Kf5 42.g4+ Ke4
43.Rxc7 Rxh3 44.Bg3 Nxg4+ 45.Kg2 Rh5 46.c6 Ne3+ 47.Kf2 Nf5 48.Rc8 Nxg3 49.c7 Re5
50.Kxg3 Re7 51.Kh4 Ke5 52.Kg5 Kd6 53.Kxg6 Rxc7 54.Rxc7 Kxc7  1/2-1/2

[Event "ch-Siberia Men"]
[Site "Barnaul RUS"]
[Date "2011.05.22"]
[Round "3"]
[White "Shoiyzhininaev,Bato"]
[Black "Denisov,L"]
[Result "0-1"]
[WhiteElo "2063"]
[BlackElo "2340"]

1.e4 e5 2.Nf3 Nc6 3.Bb5 a6 4.Ba4 Nf6 5.O-O Be7 6.Re1 b5 7.Bb3 d6 8.c3 O-O
9.h3 Nb8 10.d4 Nbd7 11.Nbd2 Bb7 12.Bc2 Re8 13.Nf1 Bf8 14.Ng3 g6 15.a4 Bg7
16.d5 Nc5 17.axb5 axb5 18.Rxa8 Qxa8 19.b4 Ncd7 20.Qd3 Qa6 21.Be3 Nb6 22.Nd2 Nc4
23.Nb3 Nxe3 24.Qxe3 Qa2 25.Qd3 Qa6 26.Ra1 Qb6 27.Ra5 Ba6 28.Qe3 Qb7 29.Ra1 Ra8
30.Na5 Qc8 31.Nc6 Kf8 32.Bd3 Qb7 33.Qe2 h5 34.Ra5 Bh6 35.h4 Kg7 36.Qa2 Ng4
37.Bxb5 Qb6 38.Rxa6 Rxa6 39.Bxa6 Nxf2 40.Kf1 Nd1 41.Qe2 Ne3+ 42.Ke1 Bf4 43.Nf1 Nxg2+
44.Qxg2 Qxa6 45.Qc2 Qc8 46.Qa2 Qe8 47.Qc2 Qc8 48.Kd1 Qh3 49.Ke2 Qg2+  0-1

[Event "ch-KAZ 2011"]
[Site "Astana KAZ"]
[Date "2011.05.27"]
[Round "12"]
[White "Kozganbayev,E"]
[Black "Kazhgaleyev,M"]
[Result "0-1"]
[WhiteElo "2271"]
[BlackElo "2618"]

1.e4 e5 2.Nf3 Nc6 3.Bb5 a6 4.Ba4 Nf6 5.O-O Be7 6.Re1 b5 7.Bb3 d6 8.c3 O-O
9.h3 Nb8 10.d4 Nbd7 11.Nbd2 Bb7 12.Bc2 Re8 13.Nf1 Bf8 14.Ng3 g6 15.a4 c5
16.d5 c4 17.Nh2 h5 18.Bg5 Be7 19.Qd2 Nc5 20.axb5 axb5 21.f4 Rxa1 22.Rxa1 exf4
23.Bxf4 h4 24.Ngf1 Ncxe4 25.Bxe4 Nxe4 26.Qd1 Nf6 27.Ra7 Qb8 28.Be3 Nxd5 29.Bd4 Nf4
30.Ng4 Bg5 31.Nge3 Re4 32.Ra5 Ne6 33.Ba7 Qe8 34.Qxd6 Bf4 35.Qb6 Bc6 36.Ra6 Nd8
37.Ng4 Qe7 38.Qa5 f5 39.Nf2 Re1 40.Bc5 Qd7 41.Bd4 Qc7 42.Qa3  0-1

[Event "3rd Kahraman Olgac Memorial"]
[Site "Izmir TUR"]
[Date "2011.05.27"]
[Round "7.1.4"]
[White "Ali Marandi,C"]
[Black "Ivanov,Jo"]
[Result "1/2-1/2"]
[WhiteElo "2265"]
[BlackElo "2436"]

1.e4 e5 2.Nf3 Nc6 3.Bb5 a6 4.Ba4 Nf6 5.O-O Be7 6.Re1 b5 7.Bb3 d6 8.c3 O-O
9.h3 Nb8 10.d4 Nbd7 11.Nbd2 Bb7 12.Bc2 c5 13.b3 cxd4 14.cxd4 exd4 15.Nxd4 Re8
16.Bb2 Bf8 17.Rc1 Rc8 18.a4 bxa4 19.bxa4 d5 20.exd5 Rxe1+ 21.Qxe1 Bxd5  1/2-1/2

[Event "63rd ch-MNE"]
[Site "Tivat MNE"]
[Date "2011.05.27"]
[Round "7.1"]
[White "Djukic,Ni"]
[Black "Nikcevic,N"]
[Result "1/2-1/2"]
[WhiteElo "2486"]
[BlackElo "2416"]

1.e4 e5 2.Nf3 Nc6 3.Bb5 a6 4.Ba4 Nf6 5.O-O Be7 6.Re1 b5 7.Bb3 d6 8.c3 O-O
9.h3 Nb8 10.d4 Nbd7 11.Nbd2 Bb7 12.Bc2 Re8 13.Nf1 Bf8 14.Ng3 g6 15.a4 Bg7
16.Bd3 c6 17.Bg5 Nf8 18.Qd2 Ne6 19.Bh6 Nd7 20.Bc2 Bxh6 21.Qxh6 Qf6 22.Rad1 Rad8
23.Rd2 exd4 24.Nxd4 Qf4 25.Qxf4 Nxf4 26.Nde2 Nxe2+ 27.Rdxe2 Nb6 28.a5 Nc8
29.Rd1 Kf8 30.f4 f6 31.h4 c5 32.h5 Ke7 33.Red2 Rg8 34.b4 Na7 35.Bb3 c4 36.Bc2 Bc8
37.hxg6 hxg6 38.Nf1 g5 39.Ne3 Be6 40.Nd5+ Kf7 41.fxg5 Rxg5 42.Rf1 Bxd5 43.exd5 Nc8
44.Rdf2 Ne7 45.Rxf6+ Kg8 46.Bf5 Nxd5 47.Be6+ Kh8 48.R6f3 Re8 49.Rh3+ Kg7
50.Bxd5 Rxd5 51.Rg3+ Kh8 52.Rf6 Re7 53.Rh6+ Rh7 54.Rxh7+ Kxh7 55.Kf2 Kh6
56.Ke2 Kh5 57.Kf2 Kh4 58.Rh3+ Kg5 59.Rg3+ Kf4 60.Rf3+ Ke4 61.Re3+ Kf4 62.Rf3+  1/2-1/2

[Event "3rd Orissa Open"]
[Site "Bhubaneswar IND"]
[Date "2011.05.29"]
[Round "3"]
[White "Petrosian,TL"]
[Black "Swayams,M"]
[Result "1-0"]
[WhiteElo "2634"]
[BlackElo "2370"]

1.e4 e5 2.Nf3 Nc6 3.Bb5 a6 4.Ba4 Nf6 5.O-O b5 6.Bb3 Be7 7.Re1 O-O 8.c3 d6
9.h3 Nb8 10.d4 Nbd7 11.Nbd2 Bb7 12.Bc2 Re8 13.a4 Bf8 14.Bd3 c6 15.b3 Qc7
16.Bb2 d5 17.exd5 Nxd5 18.Qc2 g6 19.dxe5 Bg7 20.e6 Rxe6 21.Rxe6 fxe6 22.Ne4 Ne5
23.Nxe5 Qxe5 24.Rb1 Qc7 25.Nc5 Re8 26.Be4 Qe7 27.Nxb7 Qxb7 28.c4 Nb4 29.Qd2 Bxb2
30.Rxb2 Qe7 31.Qe3 Rd8 32.Rb1 bxc4 33.bxc4 c5 34.Re1 Rd4 35.Bf3 e5 36.Bg4 Kg7
37.Qg3 Nd3 38.Rb1 Nb4 39.Qe3 Rxc4 40.Re1 Rd4 41.Qxe5+ Qxe5 42.Rxe5 Nd3 43.Re7+ Kf8
44.Rxh7 Rxa4 45.Rc7 Ra1+ 46.Kh2 Nxf2 47.Bf3 Re1 48.Rxc5 Nd3 49.Ra5 Re6 50.Bg4 Rc6
51.Be2 Nc5 52.Bf3 Rc7 53.Kg3 Ke7 54.Kf4 Kf6 55.h4 Ne6+ 56.Ke3 Nc5 57.Bd5 Ke5
58.Bc4 Rc6 59.g4 Kf6 60.g5+ Kf5 61.Kf3 Ke5 62.Bf7 Kd4 63.Kg3 Nd3 64.Ra4+ Ke5
65.Kf3 Kf5 66.Ke3 Rd6 67.Ba2 Nc5 68.Bb1+ Ke5 69.Rc4 Kd5 70.Ba2 Kc6 71.Bb1 a5
72.h5 gxh5 73.g6 Rd7 74.Bf5 Re7+ 75.Kd4 Kd6 76.Rxc5 Re1 77.Rd5+ Ke7 78.Rd7+ Ke8
79.g7 Rg1 80.Ra7 a4 81.Ke5  1-0

[Event "TCh-FRA Top 12 2011"]
[Site "Mulhouse FRA"]
[Date "2011.05.29"]
[Round "4.1"]
[White "Iordachescu,V"]
[Black "Avrukh,B"]
[Result "1/2-1/2"]
[WhiteElo "2640"]
[BlackElo "2601"]

1.e4 e5 2.Nf3 Nc6 3.Bb5 a6 4.Ba4 Nf6 5.O-O Be7 6.Re1 b5 7.Bb3 d6 8.c3 O-O
9.h3 Nb8 10.d4 Nbd7 11.Nbd2 Bb7 12.Bc2 Re8 13.a4 Bf8 14.Bd3 c6 15.b3 g6 16.Bb2 Nh5
17.Qc2 Nf4 18.Bf1 Bg7 19.Rad1 Qb6 20.b4 d5 21.exd5 Nxd5 22.dxe5 Nxe5 23.Nxe5 Rxe5
24.Rxe5 Bxe5 25.c4 Nxb4 26.Qb1 Bxb2 27.Qxb2 c5 28.cxb5 axb5 29.axb5 Qd6 30.Qc3 Rd8
31.Re1 Qd4 32.Qxd4 cxd4 33.Bc4 Kf8  1/2-1/2

[Event "3rd Orissa Open"]
[Site "Bhubaneswar IND"]
[Date "2011.05.31"]
[Round "5"]
[White "Hossain,Enam"]
[Black "Panchanathan,M"]
[Result "0-1"]
[WhiteElo "2478"]
[BlackElo "2539"]

1.e4 e5 2.Nf3 Nc6 3.Bb5 a6 4.Ba4 Nf6 5.O-O Be7 6.Re1 b5 7.Bb3 d6 8.c3 O-O
9.h3 Nb8 10.d4 Nbd7 11.Nbd2 Bb7 12.Bc2 Re8 13.Nf1 Bf8 14.Ng3 g6 15.a4 c5
16.d5 c4 17.Bg5 h6 18.Be3 Nc5 19.Qd2 h5 20.Bg5 Be7 21.Ra3 Nh7 22.Be3 Qc7
23.Rea1 Reb8 24.Qd1 Bf6 25.R1a2 Qd8 26.Nf1 Nf8 27.N1d2 Nfd7 28.Qa1 Qc8 29.axb5 axb5
30.b4 cxb3 31.Nxb3 Rxa3 32.Rxa3 Bd8 33.Nbd2 Bb6 34.Qb1 Ba6 35.Qb4 Qc7 36.Qb1 Na4
37.Bxb6 Ndxb6 38.Qb4 Nc5 39.Ra1 Kg7 40.Rb1 Rc8 41.Ra1 Nc4 42.Nxc4 bxc4 43.Rb1 Ra8
44.Qb6 Qxb6 45.Rxb6 Bb7 46.Bb1 Ra1 47.Kh2 Ra3 48.Rxd6 Rxc3 49.Nxe5 Rc1 50.Rb6 c3
51.Nc4 c2 52.Bxc2 Rxc2 53.Nd6 Ba6 54.e5 Bd3 55.Ne8+ Kh6 56.Rf6 Nd7 57.Rxf7 Nxe5
58.Re7 Re2 59.d6 Nc6 60.Rc7 Rxe8 61.Rxc6 Bf5 62.Rc4 Kg5 63.Rd4 Bd7 64.Kg3 Kf5
65.Rd2 Re4 66.Rd5+ Ke6 67.Rg5 Kf6 68.Rd5 Re5 69.Rd4 Rg5+ 70.Kh2 Ke6 71.h4 Rd5
72.Rb4 Rxd6 73.g4 hxg4 74.Rxg4 Ke5 75.Rg3 Kf4  0-1

[Event "TCh-BUL GpA Men"]
[Site "Albena BUL"]
[Date "2011.06.06"]
[Round "5.3"]
[White "Mrdja,M"]
[Black "Ivanov,Jo"]
[Result "1/2-1/2"]
[WhiteElo "2385"]
[BlackElo "2436"]

1.e4 e5 2.Nf3 Nc6 3.Bb5 a6 4.Ba4 Nf6 5.O-O Be7 6.Re1 b5 7.Bb3 d6 8.c3 O-O
9.h3 Nb8 10.d4 Nbd7 11.Nbd2 Bb7 12.Bc2 Re8 13.Nf1 Bf8 14.Ng3 g6 15.b3 Bg7
16.Bb2 d5 17.exd5 Nxd5 18.c4 Nb4 19.Be4 Bxe4 20.Rxe4 f5 21.Re2 e4 22.Ne1 Nc6
23.Rc1 bxc4 24.bxc4 Nb6 25.d5 Ne5 26.Rec2 Qd7 27.Ne2 Rad8 28.Bd4 Na4 29.Qd2 c5
30.Be3 Qc7 31.Rb1 Rd6 32.Rb3  1/2-1/2

[Event "Zonal 3.4 Men"]
[Site "Tashkent UZB"]
[Date "2011.06.11"]
[Round "4.1"]
[White "Filippov,An UZB"]
[Black "Kuderinov,K"]
[Result "1-0"]
[WhiteElo "2613"]
[BlackElo "2480"]

1.e4 e5 2.Nf3 Nc6 3.Bb5 a6 4.Ba4 Nf6 5.O-O Be7 6.Re1 b5 7.Bb3 d6 8.c3 O-O
9.h3 Nb8 10.d4 Nbd7 11.Nbd2 Bb7 12.Bc2 Re8 13.Nf1 Bf8 14.Bg5 h6 15.Bh4 g6
16.N1h2 Bg7 17.Ng4 g5 18.Nxf6+ Nxf6 19.dxe5 dxe5 20.Bg3 Nh5 21.Bxe5 Bxe5
22.Nxe5 Qxd1 23.Bxd1 Rxe5 24.Bxh5 Rxe4 25.Rxe4 Bxe4 26.Rd1 c6 27.Rd6 Kg7
28.Bf3 Bxf3 29.gxf3 Re8 30.Rxc6 Re2 31.Rxa6 Rxb2 32.Rb6 Rc2 33.Rxb5 Rxc3
34.Rb3 Rc2 35.a4 Ra2 36.Rb4 Kg6 37.f4 Kf5 38.fxg5 hxg5 39.Kg2 Ra3 40.h4 gxh4
41.Rxh4 Ke5 42.Rb4 f5 43.Rc4 Kd5 44.Rf4 Ke5 45.Rc4 Kd5 46.Rh4 Ke6 47.f3 Ke5
48.Kg3 Ra1 49.Rb4 Rg1+ 50.Kf2 Ra1 51.f4+ Kd5 52.Kg3 Rg1+ 53.Kh4 Rg2 54.Kh5 Rg4
55.Kh6 Kd6 56.Kh5 Kc6 57.a5 Kc5 58.Re4 Rg5+ 59.Kxg5 fxe4 60.Kg4  1-0

[Event "US Junior Championship"]
[Site "Saint Louis USA"]
[Date "2011.06.17"]
[Round "2"]
[White "Naroditsky,D"]
[Black "Getz,A"]
[Result "1-0"]
[WhiteElo "2472"]
[BlackElo "2292"]

1.e4 e5 2.Nf3 Nc6 3.Bb5 a6 4.Ba4 Nf6 5.O-O Be7 6.Re1 b5 7.Bb3 d6 8.c3 O-O
9.h3 Nb8 10.d4 Nbd7 11.Nbd2 Bb7 12.Bc2 Re8 13.Nf1 Bf8 14.Ng3 g6 15.a4 Bg7
16.d5 Nb6 17.a5 Nc8 18.b3 c5 19.Be3 Ne7 20.c4 b4 21.Qd2 Bc8 22.Bh6 Kh8 23.Ng5 Kg8
24.Nf3 Rf8 25.Rf1 Kh8 26.Bxg7+ Kxg7 27.Ne1 Nd7 28.Nd3 f6 29.f4 exf4 30.Rxf4 Ng8
31.Rf2 Qe7 32.Raf1 Ne5 33.Nxe5 Qxe5 34.Ne2 Bd7 35.Nf4 Rae8 36.Nd3 Qe7 37.Qc1 Kh8
38.Qa1 Qg7 39.Nf4 Nh6 40.Nd3 Ng8 41.Rf3 Bc8 42.Rg3 Qe7 43.Nf4 Qe5 44.Qc1 Ne7
45.Rgf3 Kg7 46.Kh1 Ng8 47.Qe1 f5 48.Qf2 Kh8 49.exf5 Bxf5 50.Ne6 Rf6 51.Bxf5 gxf5
52.Re1  1-0

[Event "4th Sveins Memorial"]
[Site "Oslo NOR"]
[Date "2011.06.24"]
[Round "1"]
[White "Salomon,J"]
[Black "Urkedal,F"]
[Result "0-1"]
[WhiteElo "1917"]
[BlackElo "2448"]

1.e4 e5 2.Nf3 Nc6 3.Bb5 a6 4.Ba4 Nf6 5.O-O Be7 6.Re1 b5 7.Bb3 d6 8.c3 O-O
9.h3 Nb8 10.d4 Nbd7 11.Nbd2 Bb7 12.Bc2 Re8 13.Nf1 Bf8 14.Ng3 g6 15.a4 c5
16.d5 c4 17.Bg5 h6 18.Be3 Qc7 19.Qd2 h5 20.Bh6 Nh7 21.Bxf8 Rxf8 22.Ra3 Nc5
23.Rea1 Rab8 24.axb5 axb5 25.Ne2 Ra8 26.Qd1 Qb6 27.Rxa8 Bxa8 28.Qe1 Bb7 29.Nc1 Nf6
30.Nd2 Nfd7 31.Na2 Na6 32.Nf1 Ra8 33.Ne3 Ndc5 34.g4 Qd8 35.Kg2 Qg5 36.Nc1 hxg4
37.hxg4 Kg7 38.Ne2 Bc8 39.Ng3 Bxg4 40.Nxg4 Qxg4 41.Qe3 Rh8 42.Rh1 Rxh1 43.Kxh1 b4
44.Qd2 b3 45.Bd1 Qh4+ 46.Kg2 Nxe4 47.Qe2 Nxg3 48.fxg3 Qg5  0-1

[Event "4th Sveins Minneturering"]
[Site "Oslo NOR"]
[Date "2011.06.24"]
[Round "4"]
[White "Berg,E"]
[Black "Kovachev,D"]
[Result "1-0"]
[WhiteElo "2608"]
[BlackElo "2315"]

1.e4 e5 2.Nf3 Nc6 3.Bb5 a6 4.Ba4 Nf6 5.O-O Be7 6.Re1 b5 7.Bb3 d6 8.c3 O-O
9.h3 Nb8 10.d4 Nbd7 11.Nbd2 Bb7 12.Bc2 Re8 13.Nf1 Bf8 14.Ng3 g6 15.b3 a5
16.Bd2 b4 17.cxb4 axb4 18.d5 Rb8 19.Bxb4 Bxd5 20.Bxd6 cxd6 21.exd5 Qa5 22.Be4 Nxe4
23.Nxe4 Rb5 24.Qc2 Rxd5 25.b4 Qa8 26.Qc7 Rd8 27.Nc3 Rd3 28.Qc4 e4 29.Nxe4 Ne5
30.Nxe5 dxe5 31.Nf6+ Kg7 32.Qh4 Be7 33.Qxh7+ Kxf6 34.Qh4+ g5 35.Qh6+ Kf5
36.g4+ Kf4 37.Qh7 Rg3+ 38.fxg3+ Kxg3 39.Re3+ Kf4 40.Rae1  1-0

[Event "4th Sveins Memorial"]
[Site "Oslo NOR"]
[Date "2011.06.24"]
[Round "8"]
[White "Tari,A"]
[Black "Vas,P SWE"]
[Result "1/2-1/2"]
[WhiteElo "2169"]
[BlackElo "2297"]

1.e4 e5 2.Nf3 Nc6 3.Bb5 a6 4.Ba4 Nf6 5.O-O b5 6.Bb3 Be7 7.Re1 O-O 8.h3 d6
9.c3 Nb8 10.d4 Nbd7 11.Nbd2 Bb7 12.Bc2 Re8 13.Nf1 Bf8 14.Ng3 g6 15.b3 d5
16.dxe5 Nxe5 17.Nxe5 Rxe5 18.Bf4 Re8 19.e5 Nd7 20.c4 Bg7 21.cxd5 Nxe5 22.Rc1 Bxd5
23.Be4 Bxe4 24.Rxe4 Qxd1+ 25.Rxd1 f5 26.Re2 Kf7 27.Rd5  1/2-1/2

[Event "ch-Commonwealth RSA-Open"]
[Site "Ekurhuleni RSA"]
[Date "2011.06.30"]
[Round "8"]
[White "Prathamesh,S"]
[Black "Kunte,A"]
[Result "1/2-1/2"]
[WhiteElo "2405"]
[BlackElo "2526"]

1.e4 e5 2.Nf3 Nc6 3.Bb5 a6 4.Ba4 Nf6 5.O-O Be7 6.Re1 b5 7.Bb3 d6 8.c3 O-O
9.h3 Nb8 10.d4 Nbd7 11.Nbd2 Bb7 12.Bc2 Re8 13.b3 Bf8 14.d5 c6 15.c4 Qc7 16.Nf1 g6
17.Bd2 bxc4 18.bxc4 Nc5 19.Bb4 Nfd7 20.Rc1 Reb8 21.Ba4  1/2-1/2

[Event "6th Dvorkovich Cup"]
[Site "Moscow RUS"]
[Date "2011.07.02"]
[Round "11.1"]
[White "Meribanov,V"]
[Black "Kozganbayev,E"]
[Result "1-0"]
[WhiteElo "2286"]
[BlackElo "2271"]

1.e4 e5 2.Nf3 Nc6 3.Bb5 a6 4.Ba4 Nf6 5.O-O Be7 6.Re1 b5 7.Bb3 d6 8.c3 O-O
9.h3 Nb8 10.d4 Nbd7 11.Nbd2 Bb7 12.Bc2 Re8 13.b3 Bf8 14.Bb2 g6 15.a4 Bg7
16.d5 c6 17.c4 b4 18.dxc6 Bxc6 19.Nf1 Nc5 20.Ng3 Qc7 21.Qe2 Nfd7 22.Rad1 Nf8
23.Qd2 Red8 24.Qxb4 Rab8 25.Qa3 a5 26.Bxe5 dxe5 27.Qxc5 Ne6 28.Qe3 Bf8 29.Qc1 Bc5
30.Rxd8+ Rxd8 31.Rd1 Rb8 32.Nf1 Nf4 33.Qd2 f6 34.Kh2 Qa7 35.g3 Bb4 36.Qe3 Bc5
37.Qd2 Ne6 38.Ne3 Nd4 39.Nxd4 Bxd4 40.Kg2 Rf8 41.Nd5 Qc5 42.b4 Qxc4 43.Bd3 Bxd5
44.Bxc4 Bxc4 45.Rc1 Bf7 46.b5 f5 47.Rc7 fxe4 48.Qh6 Bb6 49.Rb7 Bd4 50.Rd7 Bc5
51.h4 Bd4 52.h5 Rc8 53.hxg6 hxg6 54.Qg5 Rf8 55.Qe7 e3 56.fxe3 Bxe3 57.Rd8 Rxd8
58.Qxd8+ Kg7 59.Qxa5 Bd5+ 60.Kh3 Bd4 61.Qd8 Be4 62.a5 Bf5+ 63.g4 Bd3 64.b6 Bf2
65.Qd6 Bd4  1-0

[Event "38th ch-IND w Challengers"]
[Site "Chennai IND"]
[Date "2011.07.04"]
[Round "4"]
[White "Sandhya,G"]
[Black "Divyasri,C"]
[Result "0-1"]
[WhiteElo "1828"]
[BlackElo "2123"]

1.e4 e5 2.Nf3 Nc6 3.Bb5 a6 4.Ba4 Nf6 5.O-O Be7 6.Re1 b5 7.Bb3 d6 8.c3 O-O
9.h3 Nb8 10.d4 Nbd7 11.Nbd2 Bb7 12.Bc2 Re8 13.a4 Bf8 14.Bd3 c6 15.b4 g6 16.Bb2 Bg7
17.a5 Qc7 18.Rc1 d5 19.Qb3 Rad8 20.exd5 cxd5 21.dxe5 Nxe5 22.Nxe5 Rxe5 23.Nf3 Ree8
24.Nd4 Qf4 25.Be2 Ne4 26.Nf3 Be5 27.Rcd1 Bb8 28.Bc1 Qc7 29.Rd3 d4 30.cxd4 Nd2
31.Bxd2 Bxf3 32.Bf4 Qxf4 33.g3 Rxe2 34.Rxe2 Qc1+ 35.Rd1 Qc6 36.Re7 Bd5 37.Qb2 Bd6
38.Re3 Qd7 39.Kh2 Qf5 40.Rde1 Be6 41.h4 Qh3+ 42.Kg1 Bd5 43.f3 Qxg3+ 44.Qg2 Qxg2+
45.Kxg2 Bxb4 46.Re8+ Rxe8 47.Rxe8+ Kg7 48.Rd8 Bc4 49.d5 Bxa5 50.Rd7 b4 51.d6 Bb5
52.Re7 b3 53.Re3 b2 54.Rb3 Bc3 55.Kf2 Bd7 56.Ke3 Bf5 57.h5 b1=Q  0-1

[Event "TCh-TUR 2011"]
[Site "Konya TUR"]
[Date "2011.07.04"]
[Round "8"]
[White "Mamedov,Nid"]
[Black "Inarkiev,E"]
[Result "1/2-1/2"]
[WhiteElo "2587"]
[BlackElo "2679"]

1.e4 e5 2.Nf3 Nc6 3.Bb5 a6 4.Ba4 Nf6 5.O-O Be7 6.Re1 b5 7.Bb3 d6 8.c3 O-O
9.h3 Re8 10.Ng5 Rf8 11.Nf3 Re8 12.Ng5 Rf8 13.Nf3 Nb8 14.d4 Nbd7 15.Nbd2 Bb7
16.Bc2 Re8 17.Nf1 Bf8 18.Ng3 g6 19.a4 Bg7 20.Bd3 c6 21.Qc2 Rc8 22.axb5 axb5
23.dxe5 dxe5 24.Be3 Bf8  1/2-1/2

[Event "38th ch-IND w Challengers"]
[Site "Chennai IND"]
[Date "2011.07.09"]
[Round "10"]
[White "Nimmy,A"]
[Black "Divyasri,C"]
[Result "1/2-1/2"]
[WhiteElo "2222"]
[BlackElo "2123"]

1.e4 e5 2.Nf3 Nc6 3.Bb5 a6 4.Ba4 Nf6 5.O-O Be7 6.Re1 b5 7.Bb3 d6 8.c3 O-O
9.h3 Nb8 10.d4 Nbd7 11.Nbd2 Bb7 12.Bc2 Re8 13.Nf1 Bf8 14.Ng3 g6 15.a4 Bg7
16.d5 Qb8 17.Bg5 c6 18.dxc6 Bxc6 19.axb5 axb5 20.Qd2 d5 21.Rad1  1/2-1/2

[Event "XXVI Tadeusza Gniota"]
[Site "Police POL"]
[Date "2011.07.12"]
[Round "9.7"]
[White "Aliavdin,N"]
[Black "Chojnacki,K"]
[Result "1-0"]
[WhiteElo "2392"]
[BlackElo "2437"]

1.e4 e5 2.Nf3 Nc6 3.Bb5 a6 4.Ba4 Nf6 5.O-O Be7 6.Re1 b5 7.Bb3 d6 8.c3 O-O
9.h3 Nb8 10.d4 Nbd7 11.Nbd2 Bb7 12.Bc2 Re8 13.a4 Bf8 14.Bd3 Bc6 15.Bf1 bxa4
16.d5 Bb7 17.Qxa4 Qc8 18.b4 c6 19.c4 c5 20.Nb3 Be7 21.bxc5 Nxc5 22.Nxc5 Qxc5
23.Be3 Qc7 24.Nd2 Reb8 25.Rec1 a5 26.c5 dxc5 27.Nb3 Nd7 28.Nxa5 Nb6 29.Qb5 Bc8
30.Nc6 Rxa1 31.Rxa1 Rb7 32.Nxe7+ Qxe7 33.Bxc5 Qd8 34.Qc6 Nd7 35.Bd6 Rb6 36.Qc7 Qxc7
37.Bxc7 Rb7 38.d6 Nf8 39.Bc4 g6 40.Bd5 Rb2 41.Ra8 Bd7 42.Bd8 Kg7 43.Bf6+ Kxf6
44.Rxf8 Ba4 45.d7  1-0

[Event "Oberwart Open"]
[Site "Oberwart AUT"]
[Date "2011.07.13"]
[Round "5"]
[White "Ulker,A"]
[Black "Ladisic,A"]
[Result "0-1"]
[WhiteElo "2120"]
[BlackElo "2033"]

1.e4 e5 2.Nf3 Nc6 3.Bb5 a6 4.Ba4 Nf6 5.O-O Be7 6.Re1 b5 7.Bb3 d6 8.c3 O-O
9.h3 Nb8 10.d4 Nbd7 11.Nbd2 Bb7 12.Bc2 c5 13.Nf1 Re8 14.Ng3 Bf8 15.dxe5 dxe5
16.Nf5 Qc7 17.Nh2 c4 18.Qf3 Re6 19.Ng4 Nxg4 20.hxg4 Nc5 21.Be3 Rd8 22.Red1 Ree8
23.g5 Ne6 24.g3 Bc5 25.Qg4 Bxe3 26.Nxe3 Qe7 27.Nf5 Qc7 28.Kg2 Rxd1 29.Rxd1 Rd8
30.Rh1 Rd2 31.Qh4 Nf8 32.Ne3 Qc6 33.Kf3 Qg6 34.Bb1 Ne6 35.Nd5 Kf8 36.Ke3 Rxb2
37.f4 Nxf4 38.gxf4 Bxd5 39.f5 Qb6+ 40.Kf3 Bc6 41.Rd1 b4 42.g6 fxg6 43.fxg6 h6
44.Rf1 Be8 45.Qh3 Qxg6 46.cxb4 Kg8  0-1

[Event "Oberwart Open"]
[Site "Oberwart AUT"]
[Date "2011.07.17"]
[Round "9"]
[White "Matt,F"]
[Black "Ladisic,A"]
[Result "1-0"]
[WhiteElo "2188"]
[BlackElo "2033"]

1.e4 e5 2.Nf3 Nc6 3.Bb5 a6 4.Ba4 Nf6 5.O-O Be7 6.Re1 b5 7.Bb3 d6 8.h3 O-O
9.c3 Nb8 10.d4 Nbd7 11.Nbd2 Bb7 12.Bc2 c5 13.Nf1 Re8 14.b3 Bf8 15.Ng3 Qc7
16.Bb2 Rac8 17.d5 Nb6 18.Bc1 c4 19.b4 Ra8 20.Be3 a5 21.a3 Ra6 22.Qd2 Rea8
23.Rac1 Bc8 24.Nh4 axb4 25.axb4 Ra2 26.f4 exf4 27.Bxf4 Nbd7 28.Nf3 Ne5 29.Nxe5 dxe5
30.Be3 Ne8 31.Qf2 R8a3 32.Ne2 Qd6 33.Qf1 Qg6 34.Qf3 Be7 35.Kh2 Bg5 36.Bb1 Rb2
37.Qg3 Bxe3 38.Qxe3 h6 39.Qc5 Nd6 40.Ng3 Ra1 41.Bc2 Raa2 42.Re2 Kh7 43.Qf2 Qg5
44.Rce1 g6 45.Bb1 Rxe2 46.Rxe2 Rxe2 47.Nxe2 Kg7 48.Qc5 Qe7 49.Ng1 f5 50.exf5 gxf5
51.Nf3 e4 52.Nd4 e3 53.Kg1 Kf8 54.Kf1 Bd7 55.Ke2 f4 56.Nf3 Kf7 57.Qd4 Qf6
58.Ne5+ Ke7 59.Qxf4 Bf5 60.Qxe3 Kf8 61.Bxf5 Qxf5 62.Qxh6+  1-0

[Event "16th Balaguer Open"]
[Site "Balaguer ESP"]
[Date "2011.07.19"]
[Round "3"]
[White "Gomez Garrido,C"]
[Black "Gomez Ledo,R"]
[Result "1/2-1/2"]
[WhiteElo "2524"]
[BlackElo "2428"]

1.e4 e5 2.Nf3 Nc6 3.Bb5 a6 4.Ba4 Nf6 5.O-O b5 6.Bb3 Be7 7.Re1 d6 8.c3 O-O
9.h3 Nb8 10.d4 Nbd7 11.Nbd2 Bb7 12.Bc2 Re8 13.Nf1 Bf8 14.Ng3 g6 15.Bg5 h6
16.Bd2 Bg7 17.a4 c5 18.d5 c4 19.Be3 Nc5 20.Qd2 h5 21.Bh6 Nh7 22.Be3 Nf6 23.Bh6 Nh7
24.Be3 Nf6  1/2-1/2

[Event "Najdorf Memorial"]
[Site "Warsaw POL"]
[Date "2011.07.21"]
[Round "9"]
[White "Duda,J"]
[Black "Staniszewski,Pi"]
[Result "1/2-1/2"]
[WhiteElo "2274"]
[BlackElo "2414"]

1.e4 e5 2.Nf3 Nc6 3.Bb5 a6 4.Ba4 Nf6 5.O-O Be7 6.Re1 b5 7.Bb3 d6 8.c3 O-O
9.h3 Nb8 10.d4 Nbd7 11.Nbd2 Bb7 12.Bc2 Re8 13.Nf1 Bf8 14.Ng3 g6 15.a4 c5
16.d5 c4 17.Be3 Nc5 18.Qd2 Rb8 19.Nh2 h5 20.Bg5 Be7 21.Nf3 Nh7 22.Be3 Bf6
23.Ne2 Bc8 24.axb5 axb5 25.Nc1 Bd7 26.Na2 Qc7 27.Nb4 Ra8 28.Rad1 Red8 29.Re2 Na6
30.Rf1 Nxb4 31.cxb4 Rdc8 32.Qc3 Qd8 33.Ree1 Bg7 34.Qd2 Ra2 35.Ra1 Rca8 36.Rxa2 Rxa2
37.Bb1 Ra8 38.Ng5 Nxg5 39.Bxg5 Bf6 40.Be3 Rc8 41.Bc2 Ra8 42.Rb1 Ra2 43.Qc1 Qa8
44.Bd2 Qa7 45.Bc3 Bh4 46.Qd2 f6 47.Qe2 Ra1 48.Rxa1 Qxa1+ 49.Qe1 Qxe1+ 50.Bxe1 f5
51.Kf1 Kf7 52.f3 Bd8 53.Ke2 Bb6 54.Bh4 Bd4 55.b3 cxb3 56.Bxb3 Bc3 57.Be1 Bxe1
58.Kxe1 h4 59.Bc2 f4  1/2-1/2

[Event "16th Balaguer Open"]
[Site "Balaguer ESP"]
[Date "2011.07.25"]
[Round "9"]
[White "Gomez Garrido,C"]
[Black "Ivanov,Jo"]
[Result "1-0"]
[WhiteElo "2524"]
[BlackElo "2398"]

1.e4 e5 2.Nf3 Nc6 3.Bb5 a6 4.Ba4 Nf6 5.O-O Be7 6.Re1 b5 7.Bb3 d6 8.c3 O-O
9.h3 Nb8 10.d4 Nbd7 11.Nbd2 Bb7 12.Bc2 c5 13.a4 Re8 14.d5 c4 15.b3 cxb3 16.Nxb3 Qc7
17.Bd2 bxa4 18.Rxa4 Nc5 19.Nxc5 Qxc5 20.Qe2 Reb8 21.Bd3 a5 22.Rea1 Bd8 23.c4 Bc8
24.Qe1 Rb3 25.Bxa5 Rxa5 26.Rxa5 Bxa5 27.Rxa5 Qc7 28.Bc2 Rb2 29.Bd3 Rb3 30.Bf1 Nxe4
31.Ra8 f5 32.c5 Rb8 33.cxd6 Qxd6 34.Rxb8 Qxb8 35.Bd3 Qd6 36.Bxe4 fxe4 37.Qxe4 Bb7
38.Ng5 Bxd5 39.Qxh7+ Kf8 40.Qf5+ Ke7 41.h4 Qf6 42.Qc8 Qd6 43.Nh7 Kf7 44.Qf5+ Ke8
45.Ng5 Ke7 46.Nh7 Ke8 47.f3 Qc5+ 48.Kh2 Qd6 49.Kh1 Bb7 50.Qh5+ Ke7 51.Qg4 Kf7
52.Ng5+ Kf6 53.Qh5 Bd5 54.Qe8 g6 55.Nh3 Kg7 56.Nf2 Bf7 57.Qb5 Qf6 58.Qb4 Bd5
59.Kg1 Kh7 60.Qg4 Bc6 61.Qg5 Qd6 62.Ng4 e4 63.fxe4  1-0

[Event "ch-AUT"]
[Site "Linz AUT"]
[Date "2011.07.29"]
[Round "7"]
[White "Wallner,J"]
[Black "Knoll,H"]
[Result "0-1"]
[WhiteElo "2328"]
[BlackElo "2365"]

1.e4 e5 2.Nf3 Nc6 3.Bb5 a6 4.Ba4 Nf6 5.O-O Be7 6.Re1 b5 7.Bb3 d6 8.c3 O-O
9.h3 Nb8 10.d4 Nbd7 11.Nbd2 Bb7 12.Bc2 Re8 13.Nf1 Bf8 14.Ng3 g6 15.b3 Bg7
16.d5 Qb8 17.a4 c6 18.c4 bxc4 19.bxc4 a5 20.Bd3 Nc5 21.Bf1 Qc7 22.Ba3 Ba6
23.Bxc5 dxc5 24.Qc2 Rab8 25.Reb1 Rb4 26.Rxb4 axb4 27.Nd2 Nd7 28.Nb3 cxd5
29.exd5 f5 30.a5 Qd6 31.Ra2 e4 32.Be2 Nf6 33.Nf1 h5 34.Qc1 Kh7 35.Rc2 Nd7
36.Qd1 Ne5 37.Nfd2 Bh6 38.Kh1 Nd3 39.Qf1 Nf4 40.g3 Nxe2 41.Qxe2 Re5 42.Qe1 e3
43.Nf3 Re4 44.Qe2 Rxc4  0-1

[Event "98th ch-GBR"]
[Site "Sheffield ENG"]
[Date "2011.07.30"]
[Round "6.37"]
[White "Ledger,D"]
[Black "Lenier,J"]
[Result "1-0"]
[WhiteElo "2277"]
[BlackElo "2065"]

1.e4 e5 2.Nf3 Nc6 3.Bb5 a6 4.Ba4 Nf6 5.O-O Be7 6.Re1 b5 7.Bb3 O-O 8.h3 d6
9.c3 Nb8 10.d4 Nbd7 11.Nbd2 Bb7 12.Bc2 c5 13.Nf1 Qc7 14.Ng3 Rfe8 15.d5 Nf8
16.Nf5 Bc8 17.g4 h6 18.Be3 Ng6 19.Qd2 Bf8 20.Kh1 Rb8 21.Rg1 a5 22.h4 h5 23.gxh5 Nxh5
24.Rg5 Ngf4 25.Bxf4 Nxf4 26.h5 Bxf5 27.exf5 f6 28.Rg6 Qf7 29.Be4 Be7 30.Rag1 Kf8
31.h6 gxh6 32.Rxh6 Bd8 33.Nh4 Ke7 34.Ng6+ Kd7 35.Nxf4 exf4 36.Qxf4 Be7 37.Qh4 Rg8
38.Rgg6 Rbf8 39.Bf3 Rg7 40.a4 Rfg8 41.Qe4 Kc7 42.axb5 Rh7 43.Rxh7 Qxh7+ 44.Kg1 Rg7
45.Kf1 Bd8 46.Qe8 Qh3+ 47.Bg2 Qd3+ 48.Kg1 Qd1+ 49.Bf1 Rd7 50.b6+  1-0

[Event "50th World Juniors"]
[Site "Chennai IND"]
[Date "2011.08.10"]
[Round "8.49"]
[White "Prince,Ba"]
[Black "Ashwath,R"]
[Result "1/2-1/2"]
[WhiteElo "2146"]
[BlackElo "2259"]

1.e4 e5 2.Nf3 Nc6 3.Bb5 a6 4.Ba4 Nf6 5.O-O Be7 6.Re1 b5 7.Bb3 d6 8.c3 O-O
9.h3 Nb8 10.d4 Nbd7 11.Nbd2 Bb7 12.Bc2 Re8 13.Nf1 Bf8 14.Ng3 g6 15.a4 Bg7
16.Bd3 c6 17.Be3 Nf8 18.Qd2 N6d7 19.Rad1 Qc7 20.b4 bxa4 21.Ra1 exd4 22.Bxd4 Ne5
23.Nxe5 dxe5 24.Be3 a5 25.Rxa4 axb4 26.Rxb4 Ba6 27.Bxa6 Rxa6 28.Reb1 Rd8
29.Qe2 Rda8 30.Rb7 Qd8  1/2-1/2